000
00205nam a22000857a 4500
008
161210b xxu||||| |||| 00| 0 eng d
100
_9
1971
_a
Pitambar
245
_a
Biology-XII
260
_a
New Delhi
_b
P.P.C.
_c
2011
999
_c
4769
_d
4769